| 000 | 01403nam a2200361 c 4500 | ||
|---|---|---|---|
| 003 | BLK | ||
| 005 | 20241028111805.0 | ||
| 008 | 180408b bul|||||r ||||||| ||bul|| | ||
| 010 | _aKNG00075989000 | ||
| 020 |
_a978-954-330-077-8 _bиздат.: Унискорп |
||
| 040 | _aBLK | ||
| 041 |
_aBUL _cBUL |
||
| 080 |
_aНемска литература _b821.112.2 _x-312.4 _z821.112.2-312.4 |
||
| 100 | 1 |
_aЗюскинд, Патрик _eпърви автор _970367 |
|
| 700 | 1 |
_aСимова, Юрия Борисова _eпрев. _9368988 |
|
| 139 |
_aЗюскинд, Патрик _bЗ 98 |
||
| 245 | 1 | 0 |
_aПарфюмът _bИсторията на един убиец _cПатрик Зюскинд; прев. Юрия Борисова Симова. |
| 250 | _a3. изд. | ||
| 257 | _aDEU | ||
| 260 |
_аСофия _bУнискорп _c2006 |
||
| 300 |
_a248 с. _c21 см |
||
| 380 | _aX | ||
| 490 | 1 | _aКласика | |
| 500 | _aОриг. загл. Das Parfum / Patrick Suskind. - 1. изд. 1988 на изд. Хр. Г. Данов - Пловдив. - Офс. изд. - Съдържа и за авт. | ||
| 653 | _aкрими | ||
| 653 | _aромани | ||
| 852 | _aЦб 234571 | ||
| 856 | 4 |
_qpdf _u |
|
| 856 | 4 |
_qpdf _u |
|
| 942 |
_cKNG _n0 _024 |
||
| 944 |
_aCR _c25.06.2007 _lЦветелина Шанова _k30531 |
||
| 944 |
_aED _c05.02.2015 _lф / _kЛюдмила_Стоянова |
||
| 999 |
_c71617 _d71617 |
||